Dimensional analysis as a tool for quality of life modeling
Poznatky o modelovaní kvality života prostredníctvom aplikácie rozmerovej analýzy.
Uložené v:
| Hlavný autor: | |
|---|---|
| Médium: | Kapitola |
| Jazyk: | English |
| Predmet: | |
| Tagy: |
Žiadne tagy, Buďte prvý, kto otaguje tento záznam!
|
MARC
| LEADER | 00000nla a2200000 4500 | ||
|---|---|---|---|
| 001 | 0239155 | ||
| 005 | 20240502073855.1 | ||
| 041 | 0 | |a eng | |
| 044 | |a SK | ||
| 245 | 1 | 0 | |a Dimensional analysis as a tool for quality of life modeling |c Mária Antalová |
| 520 | |a Poznatky o modelovaní kvality života prostredníctvom aplikácie rozmerovej analýzy. | ||
| 610 | 2 | 0 | |a analýza komparatívna |
| 610 | 2 | 0 | |a kvalita života |
| 610 | 2 | 0 | |a modelovanie |
| 610 | 2 | 0 | |a kvantifikácia |
| 100 | 1 | |a Antalová, Mária, 1952- | |